• 首页
  • 本馆介绍
  • 公告通知
  • 最新文献
  • 馆藏检索
  • 电子资源
  • 读者导购
  • 参考咨询
  • 我的图书馆
  • 登录
  • 详细信息显示
  • 放入我的书架
  • 预约/预借图书
  • 作者相关作品
  • 分类相关作品
  • 丛书相关作品
  • 出版社相关作品

书目信息

  • 表格格式
  • 工作单格式
  • 卡片格式
题名:
北大国学课
    
 
作者: 文章 编著
分册:  
出版信息: 北京   北京联合出版公司  2016.07
页数: 415页
开本: 20cm
丛书名:
单 册:
中图分类: Z126-49
科图分类:
主题词: 丛书--中国
电子资源:
ISBN: 7-5502-7244-1
000 00562nam0 2200193 450
001 5831
005 20161214092653.81
010    @a7-5502-7244-1@b平装@dCNY29.80
100    @a20150820d2016 km y0chiy0120 ea
101 0  @achi
200 1  @a北大国学课@Abei da guo xue ke@f文章编著@Fwen zhang bian zhu
210    @a北京@c北京联合出版公司@d2016.07
215    @a415页@d20cm
330    @a国学-通俗读物
606 0  @a丛书@x中国
690    @aZ126-49@v4
701  0 @a文章@Awen zhang@4编著
801  0 @aCN@b大连网信软件有限公司图书馆·11@c20161214
905    @aZUCC@dZ126-49@e120
    
    北大国学课/文章编著.-北京:北京联合出版公司,2016.07
    415页;20cm
    
    
    ISBN 7-5502-7244-1(平装):CNY29.80
    国学-通俗读物
●
相关链接 在E读中查询图书 在五车中查询图书 在当当中查询图书 在豆瓣中查询图书


正题名:北大国学课     索取号:Z126-49/120         预约/预借

序号 登录号 条形码 馆藏地/架位号 状态 备注
1 913324   209133249   第二样本阅览室/ [索取号:Z126-49/120] 在馆    
2 913325   209133258   第三借阅区/ [索取号:Z126-49/120] 在馆    
3 913326   209133267   第三借阅区/ [索取号:Z126-49/120] 在馆    
4 913327   209133276   第三借阅区/ [索取号:Z126-49/120] 在馆    
唐山师范学院图书馆 欢迎您!
大连网信软件有限公司© 版权所有